| 000 | 01428nem a2200301 i 4500 | ||
|---|---|---|---|
| 001 | 91692 | ||
| 003 | ES-MaACL | ||
| 005 | 20250808063515.0 | ||
| 007 | t| | ||
| 008 | 050201s1852 sp b | |0|1||spa d | ||
| 080 | _a912(966.3) | ||
| 080 | _a912(966.2) | ||
| 080 | _a912(966.1) | ||
| 100 | 1 |
_aCoello, Francisco, _d1822-1898 _939459 |
|
| 245 | 1 | 0 |
_aIslas Marianas, Palaos y Carolinas [ _hMaterial cartográfico] / _cpor el Teniente Coronel, Capitán de Ingenieros D. Francisco Coello. |
| 260 |
_aMadrid : _b[s.n.], _c1852. |
||
| 300 |
_a1 mapa ; _c84 x 111 cm, pleg. en 21 x 14 cm. |
||
| 500 | _aEscala: 1:10.000.000. | ||
| 500 | _aCortado en cuadrículas y forrado en tela. Otra presentación editorial doblado en papel y con cartera en la misma forma que éste. | ||
| 500 | _aEn el margen superior: Diccionario geográfico-estadístico-histórico ; Posesiones de Oceanía ; Atlas de España y sus posesiones de Ultramar. | ||
| 505 | 8 | _aContiene: Noticias estadísticas e históricas, planos de las localidades más importantes y detalles de algunas zonas | |
| 651 | 4 |
_aMarianas (Islas)- _vMapas- _yS.XIX. _99022 |
|
| 651 | 4 |
_aPalaos- _vMapas- _yS.XIX. _99190 |
|
| 651 | 4 |
_aCarolinas (Islas)- _vMapas- _yS.XIX. _97969 |
|
| 740 | 0 | _aAtlas de España y sus posesiones de Ultramar. | |
| 852 |
_aES-MaACL _jR-3226-66 _x Olim:G-6494-6537 _q. - Montado sobre tela y con estuche nuevo |
||
| 999 |
_c91692 _d91692 |
||